Statistics for Serbia Country Quiz

Click here to take the quiz!

General Stats

  • This quiz has been taken 289 times
    (220 since last reset)
  • The average score is 16 of 20

Answer Stats

QuestionAnswer% Correct
What is the capital of Serbia?Belgrade
99%
What country was Serbia part of until 1991?Yugoslavia
98%
What region unilaterally declared its independence from Serbia in 2008?Kosovo
97%
On what major peninsula is Serbia situated?Balkans
94%
What country split from Serbia in 2006?Montenegro
92%
What is the longest river in Serbia?Danube
92%
What empire was Serbia part of between 1459 – 1830?Ottoman Empire
91%
Whose assassination was Serbia blamed for in 1914?Franz Ferdinand
91%
What is the dominant branch of Christianity in Serbia?Eastern Orthodox
87%
What alphabet is the Serbian language written in other than Latin?Cyrillic
86%
Who was the president of the above between 1953 – 1980?Josip Broz Tito
84%
What Serbian tennis player has won 16 Grand Slams?Novak Djokovic
82%
What Serbian engineer is best known for inventing the Alternating Current?Nikola Tesla
81%
What is the currency of Serbia?Serbian Dinar
71%
Name one of the two biggest cities after the capital.Novi Sad | Niš
69%
What Serbian nationalist was the last president of that country and the
first president of the Republic of Serbia?
Slobodan Milošević
66%
What is the second-largest ethnic group in Serbia?Hungarians
60%
What is the other region of Serbia, other than the above and Central Serbia?Vojvodina
60%
What is the national drink of Serbia?Rakija
58%
What Serbian Christian celebration is held annually to glorify one's family's patron saint?Slava
32%

Score Distribution

Percentile by Number Answered

Percent of People with Each Score

Your Score History

You have not taken this quiz since the last reset